Catálogo

LA TECNOLOGIA Y LA BUSQUEDA : (Registro nro. 14548)

Detalles MARC
000 -LEADER
fixed length control field 00639nam a2200229 a 4500
001 - CONTROL NUMBER
control field 14548
003 - CONTROL NUMBER IDENTIFIER
control field Mx-PuUPA
005 - DATE AND TIME OF LATEST TRANSACTION
control field 20240425113423.0
008 - FIXED-LENGTH DATA ELEMENTS--GENERAL INFORMATION
fixed length control field 140415s1992 000 0 spa d
040 ## - CATALOGING SOURCE
Transcribing agency Mx-PuUPA
041 ## - LANGUAGE CODE
Language code of text/sound track or separate title spa
082 ## - DEWEY DECIMAL CLASSIFICATION NUMBER
Classification number 338.45
Item number MOW
100 1# - MAIN ENTRY--PERSONAL NAME
Personal name Mowery, David C.,
9 (RLIN) 2482
245 13 - TITLE STATEMENT
Title LA TECNOLOGIA Y LA BUSQUEDA :
Remainder of title EL CRECIMIENTO ECONOMICO
260 ## - PUBLICATION, DISTRIBUTION, ETC.
Place of publication, distribution, etc. [s.l.] :
Name of publisher, distributor, etc. CONACYT,
Date of publication, distribution, etc. 1992
300 ## - PHYSICAL DESCRIPTION
Extent 372
490 ## - SERIES STATEMENT
Series statement CIENCIA, TECNOLOGIA Y DESARROLLO ECONOMICO
650 14 - SUBJECT ADDED ENTRY--TOPICAL TERM
Topical term or geographic name entry element PRODUCCION (TEORIA ECONOMICA)
700 1# - ADDED ENTRY--PERSONAL NAME
Personal name GONZALEZ CAVER, PEDRO A.
Relator term tr.
700 1# - ADDED ENTRY--PERSONAL NAME
Personal name ROSENBERG, NATHAN
Relator term coaut.
942 ## - ADDED ENTRY ELEMENTS (KOHA)
Source of classification or shelving scheme Dewey Decimal Classification
Koha item type Libro
Existencias
Withdrawn status Lost status Source of classification or shelving scheme Damaged status Not for loan Collection code Home library Current library Shelving location Date acquired Source of acquisition Total Checkouts Full call number Barcode Price effective from Koha item type
    Dewey Decimal Classification     General Biblioteca Karol Wojtyla Biblioteca Karol Wojtyla Sala general 03/12/2013 Compra   338.45 MOW 31805 03/12/2013 Libro